000 00563nam a22002057a 4500
003 OSt
005 20140310181923.0
008 130719t xxu||||| |||| 00| 0 eng d
050 _aM 261
_b.C597 2005
082 _aTR 788.96
_bC55s 2005
100 _aClarke. Herbert L.
_91962
245 _aStars in a velvety sky /
_cHerbert L. Clarke
260 _aArizona :
_bHickman music editions,
_cc2005.
300 _a10 p. :
_bill. ;
_c28 cm.
521 _aFaculty
541 _j1
562 _e1
650 _aPiano
_xmusic.
_91989
942 _2lcc
_cBK-TR
_kTR
999 _c7084
_d7084